000 00521nam a2200205Ia 4500
005 20230118115109.0
008 131103s9999 xx 000 0 und d
020 _a140295216
_cRs.495
040 _aLoreto College
041 _aEnglish
082 _a954
_bSAB
100 _aSabharwal,Gopa
245 _aThe Millennium,A.D. 1000 - 2000
_cGopa Sabharwal
260 _aNew Delhi
_bPenguin Books
_c2000
300 _ax,716 p.
504 _aIncludes index
650 _aIndian History
850 _aLCLIB
942 _cBK
999 _c8953
_d59432